| 000 | 00875nam a22002297a 4500 | ||
|---|---|---|---|
| 001 | 3277 | ||
| 003 | FISKH | ||
| 005 | 20240222164839.0 | ||
| 008 | 240222b cb ||||| |||| 00| 0 eng d | ||
| 040 |
_aFISK _beng _cFISK _dFISK |
||
| 050 | _aM1527.2 | ||
| 082 | _a781.542 | ||
| 100 |
_aMilne. Alan Alexander / _d1882-1956 |
||
| 245 |
_aPooh's grand adventure / _bThe search for christopher robin _cAlan Alexander Milne |
||
| 260 |
_aDisney Enterprise : _bGrolier Books , _c2006 |
||
| 300 |
_a42 unnumbered pages : _bcolor illustrations : _c23 cm |
||
| 505 | _aH | ||
| 520 | _aChristopher Robin leaves a note for Pooh and friends telling them he has to go to school. In a misunderstanding, they believe he has gone to "skull," and they set off on a grand journey to rescue him. | ||
| 521 | 8 |
_a500
_bH |
|
| 700 | _aAlan Alexander Milne | ||
| 942 |
_2ddc _cBK _n0 |
||
| 999 |
_c3277 _d3277 |
||